000 00318nam a2200133Ia 4500
005 20251222144840.0
008 251222s9999||||xx |||||||||||||| ||spa||
020 _a84-7239-309-7
082 _a288.2/G34G
100 _aGea Escolano, José
245 0 _aSendero hacia Lisieux
264 _bMonte Carmelo
942 _cLIB
999 _c21198
_d21198